Österreichische Bezirke die an Tschechien grenzen - Statistiken

Allgemein
  • Dieses Quiz wurde 54 mal gespielt
  • Das Durchschnittsergebnis liegt bei 7 aus 9
Antworten auf der Karte
Die Antworten werden auf der Karte rot bzw. grün angezeigt, abhängig davon wie oft sie richtig erraten wurden.
 
Antwortstatistiken
Bezirk % Korrekt
Horn
89%
Mistelbach
87%
Rohrbach
84%
Freistadt
82%
Gmünd
76%
Hollabrunn
76%
Gänserndorf
74%
Urfahr-Umgebung
68%
Waidhofen an der Thaya
68%
Keine übereinstimmenden Quizze gefunden
Verteilung der Resultate
Anzahl Personen mit jedem Resultat
Perzentil nach korrekt beantworteten Fragen
Ihre Resultats-Entwicklung
Sie haben dieses Quiz noch nicht gespielt